Top Export by of the 50 Biggest Economies - Statistics

General Stats
  • This quiz has been taken 49 times
  • The average score is 10 of 50
Answer Stats
Hint Answer % Correct
China C Coal
74%
Russia O Oil
50%
Japan C Car
48%
Saudi Arabia O Oil
43%
Germany C Car
40%
Iran O Oil
40%
Iraq O Oil
36%
Venezuela O Oil
36%
Qatar O Oil
36%
Colombia O Oil
33%
United Arab Emirates O Oil
33%
Algeria O Oil
33%
South Africa G Gold
29%
Australia I Iron
29%
Turkey C Car
26%
Brazil G Gold
26%
Kazakhstan U Uranium
26%
Spain C Car
24%
Peru G Gold
24%
Sweden C Car
21%
Poland C Coal
21%
Czech Republic I Iron
21%
Switzerland W Watch
21%
Chile C Copper
19%
Austria C Car
17%
South Korea C Computer
17%
Thailand F Fish
17%
USA N Natural Gas
17%
Taiwan C Computer
14%
Singapore C Computer
14%
Vietnam F Fish
14%
Nigeria Y Yam
14%
Egypt N Natural Gas
12%
Philippines C Computer
10%
Netherlands N Natural Gas
10%
Quebec A Aluminum
7%
Norway A Aluminum
7%
Romania C Computer
7%
Malaysia C Cocoa
5%
India C Crop
5%
Mexico E Electronics
5%
Argentina S Soy
5%
Belgium S Steel
5%
France A Aircrafts
2%
Canada A Aircrafts
2%
Italy G Grain
2%
Pakistan M Marble
2%
Indonesia M Motorcycles
2%
Uk P Pharmaceuticals
2%
Bangladesh T Textile
2%
No matching quizzes found
Score Distribution
Percent of People with Each Score
Percentile by Number Answered
Your Score History
You have not taken this quiz